10 batacazos en la Copa Argentina - Estadísticas

Estadísticas generales
  • Esta prueba ha sido intentada 101 veces
  • La puntuación promedio es 3 de 10
Estadísticas de respuestas
Año Víctima Resultado Club que dio el batacazo % Correcto
2019 Boca Juniors 1(1)-(3)1 Almagro
67%
2019 Vélez 0-1 Real Pilar
53%
2013 River Plate 0-1 Estudiantes de Caseros
52%
2022 Racing Club 1-2 Agropecuario
33%
2019 Rosario Central 2(4)-(5)2 Sol de Mayo
30%
2023 Newells 0-1 Claypole
29%
2017 Estudiantes (LP) 2-3 Sport Club Pacífico
22%
2017 Arsenal 1(5)-(6)1 Sacachispas
12%
2017 Gimnasia (LP) 0-1 Defensores de Villa Ramallo
8%
2018 Banfield 1(2)-(3)1 General Lamadrid
7%
No se encontraron pruebas coincidentes
Distribución de puntuación
Porcentaje de gente con cada puntuación
Porcentaje por número respondido
Historial de tus puntuaciones
No has intentado esta prueba.